000 00622cam a22002173a 4500
001 42125
003 PGUSA
005 20140828083942.0
008 130218s2013||||xxu|||||s|||||000 | eng d
040 _aPGUSA
_beng
042 _adc
100 1 _aBesant, Walter,
_d1836-1901
245 1 0 _aArmorel of Lyonesse :
_bA Romance of To-day
_h[electronic resource] /
_cWalter Besant
260 _bProject Gutenberg,
_c2013
506 _aPublic domain in the USA.
516 _aElectronic text
700 1 _aBarnard, Fred
830 0 _aProject Gutenberg
_v42125
856 4 0 _uhttp://www.gutenberg.org/ebooks/42125
942 _cEB
999 _c271377
_d271377